Elenca la formazione - Quiz n°120 - Statistics

Statistiche generali
  • Questo quiz è stato fatto 79 volte
  • Il punteggio medio è 11 su 11
Statistiche sulle risposte
Ruolo Nazione Calciatore % Corretto
Attaccante Spagna José María Callejón
100%
Difensore Senegal Kalidou Koulibaly
100%
Centrocampista Slovacchia Marek Hamšík
100%
Attaccante Belgio Dries Mertens
99%
Centrocampista Brasile / Italia Jorginho
99%
Attaccante Italia Lorenzo Insigne
99%
Difensore Portogallo Mário Rui
99%
Portiere Spagna Pepe Reina
99%
Difensore Spagna Raúl Albiol
93%
Centrocampista Brasile Allan
91%
Difensore Albania Elseid Hysaj
89%
Nessun quiz corrispondente trovato
Distribuzione punteggi
Percentuale di utenti per punteggio
Percentile per numero di risposta
I tuoi punteggi nel tempo
Non hai fatto questo quiz